01018nam a2200253 i 4500001000700000003000900007005001700016007000300033008004100036020001800077100003600095245012000131260005200251300002200303490005900325650003400384650004500418700003400463710003900497830006500536852002200601999001900623952012200642145734ES-MaACL20250826005751.0t|071016s1973 sp |||| | spa d a84-229-0151-X1 aVera, Jaime,d1858-1918911394510aCiencia y proletariado b: escritos seleccionados / cJaime Vera ; prólogo y selección de Juan José Castillo. aMadrid : bCuadernos para el Diálogo, c1973. a343 p. ; c18 cm.1 aDivulgación universitraria. Movimiento obrero ; v51 4aSocialismo-zEspaña.917155 4aPartidos socialistas-zEspaña.91673631 aCastillo, Juan José.9367032 aCuadernos para el Diálogo.9333310aDivulgación universitaria. pMovimiento obrerov519220795 aES-MaACLjC-53686 c145734d145734 00104070aATENEOMbATENEOMcDEPO2d2008-01-17eSCl0oC-53686p1152123r2023-02-23 00:00:00w2023-02-23yMONOGRAFIA